| 000 | 00880cam a22002775a 4500 | ||
|---|---|---|---|
| 001 | 017372169 | ||
| 003 | OSt | ||
| 005 | 20161208104514.0 | ||
| 008 | 150520t2016 enka frb 001 0 eng d | ||
| 020 | _a9781292093567 | ||
| 020 | _a1292093560 | ||
| 040 |
_aStDuBDS _beng _cStDuBDS _dEG-ScBUE |
||
| 082 | 0 | 4 |
_a658.7 _222 _bCHO |
| 100 | 1 |
_aChopra, Sunil, _d1960- _931010 |
|
| 245 | 1 | 0 |
_aSupply chain management : _bstrategy, planning, and operation / _cSunil Chopra, Peter Meindl. |
| 250 | _a6th ed., Global ed. | ||
| 260 |
_aHarlow : _bPearson Education Limited, _cc.2016. |
||
| 300 |
_a528 p. : _bill. ; _c26 cm. |
||
| 500 | _aPrevious edition: 2013. | ||
| 504 | _aIncludes bibliographical references and index. | ||
| 650 | 7 |
_aBusiness logistics. _2BUEsh _931004 |
|
| 651 | _2BUEsh | ||
| 653 |
_bBUSADM _cDecember2016 |
||
| 700 | 1 |
_aMeindl, Peter, _d1970- _931017 |
|
| 942 | _2ddc | ||
| 999 |
_c23512 _d23484 |
||